01547nam a2200301 a 450000100100000000500170001000800410002702000180006804000250008608200180011110000350012924502180016424600410038224600470042326000380047030000360050850000690054459000260061354600450063965000610068470000430074570000430078891000370083195201220086895201160099095201220110699900170122800003760720260305073959.0121001s2007 dr ac 000 0 spa d a9789945140170 aDO-SdBNPbspacBNPHU a759.06bG377m1 aGerón, Candido,d1948-9357713aEl modernismo en la pintura dominicana =b= The modern in the Dominican painting = Le modernisme dans la peinture dominicaine /cCándido Gerón ; traductores Altagracia Amelia Cabral, Manuel García Cartagena.13aThe modern in the Dominican painting13aLe modernisme dans la peinture dominicaine aSanto Domingo :bCorripio,c2007. a544 p. :bil., retrs. ;c30 cm. aIncluye datos biográficos del autor en la solapa de la portada aInventariado, 2018/LP aTexto en español, inglés y francés 4aPintura modernazRepública DominicanaySIGLO XX96407812aCabral, Altagracia Amelia,etr.94378012aGarcía Cartagena, Manueletr.912067 aValidado. Control de calidad MFF 0010718DSaGRbGRcHDd2013-05-20iLF1l0o759.06 G377mp37607-30r2020-06-25te. 3w2020-06-25yLFDSZNo se presta 0010718PDaPDbPDcHDd2012-10-01iLF1l0o759.06 G377mp37607-10r2020-06-25w2020-06-25yLFPDZNo se presta 0010718PDaPDbPDcHDd2012-10-01iLF1l0o759.06 G377mp37607-20r2020-06-25te. 2w2020-06-25yLFPDZNo se presta c37097d37097